Patristická literatúra a európska kultúra zborník príspevkov z konferencie s medzinárodnou účasťou : 29. marca 2008 v Bratislave : [... projektu VEGA, číslo 1/3595/06, názov Bibliotheca Antiqua Christiana - Staroveká kresťanská knižnica]

Bibliographic Details
Corporate Author: Patristická literatúra a európska kultúra Bratislava, Slovensko
Other Authors: Panczová, Helena, 1975- (Editor)
Format: Conference Proceeding Book
Language:Slovak
English
PhysicalDescription:183 s. 20 cm
Published: Trnava Dobrá kniha 2008
ISBN:9788071416135 (brož.)
Edition:[1. vyd.]
Series:Starokresťanská knižnica
Subjects:

MARC

LEADER 00000nam a2200000 a 4500
001 vtls009449637
003 SK-MaSNL
005 20260301081941.0
008 150827s2008 xo f 100 0 slo
020 |a 9788071416135 (brož.) 
035 |a A158A00A-36B4-438C-925A-8BB5BE6A091F 
035 |a urn:nbn:sk:snk-amjf1q 
035 |a urn:nbn:sk:snk-am002bcs 
040 |a SNK  |b slo  |c SNK  |e AACR2 
041 0 |a slo  |a eng  |b eng  |b ger 
043 |a e------ 
044 |a xo  |c SK 
072 7 |a 27-1/-2  |x Kresťanská teológia. Dogmatická teológia  |2 konspekt 
080 |a 27-9"01/07"-284  |2 2001 
080 |a 27-29  |2 2001 
080 |a 316.721:27  |2 2001 
080 |a 94(3)  |2 2001 
080 |a (4)  |2 2001 
080 |a (062.534)  |2 2001 
080 |a 27-64:1  |2 2001 
111 2 |a Patristická literatúra a európska kultúra  |d (2008 :  |c Bratislava, Slovensko)  |9 406061 
245 1 0 |a Patristická literatúra a európska kultúra  |b zborník príspevkov z konferencie s medzinárodnou účasťou : 29. marca 2008 v Bratislave : [... projektu VEGA, číslo 1/3595/06, názov Bibliotheca Antiqua Christiana - Staroveká kresťanská knižnica]  |c [editor: Helena Panczová] 
246 1 1 |a Patristic literature and European culture 
250 |a [1. vyd.] 
260 |a Trnava  |b Dobrá kniha  |c 2008 
300 |a 183 s.  |c 20 cm 
490 1 |a Starokresťanská knižnica 
500 |a Vydané pre Teologickú fakultu Trnavskej univerzity 
500 |a Na tit. strane uvedené Bratislava 
504 |a Pozn. 
546 |a Čiast. text angl. Res. angl. a nem. 
650 0 7 |a kresťanská literatúra  |2 SNKPH  |9 1742 
650 0 7 |a patristické texty  |2 SNKPH  |9 85389 
650 0 7 |a kresťanská kultúra  |2 SNKPH  |9 896 
650 0 7 |a starovek  |2 SNKPH  |9 4258 
650 0 7 |a kresťanstvo a filozofia  |2 SNKPH  |9 68464 
651 7 |a Európa  |2 SNKPH  |9 167569 
655 7 |a zborníky konferencií  |2 SNKPH  |9 70153 
700 1 |a Panczová, Helena,  |d 1975-  |4 edt  |9 114574 
830 0 |a Starokresťanská knižnica  |9 320394 
919 |a 978-80-7141-613-5 
958 |a NT 
968 |d 2 
999 |c 657261  |d 659191 
952 |a SNK  |b SNK  |y PREZ  |7 0  |p 17A0605739  |o snkSD 77881  |i snk2008/22549  |8 0  |0 0  |1 0  |4 0  |d 2008-11-26  |l 0  |r 2025-11-25 00:00:00  |w 2026-02-23 
952 |a SNK  |b SNK  |y VYP  |7 0  |p 17A0605740  |o snkSD 77881 D1  |i snk2008/22550  |8 0  |0 0  |1 0  |4 0  |d 2008-11-26  |f 1  |l 0  |r 2017-06-30 00:00:00  |w 2026-02-23